[Event "Yerevan op 1st"]
[Site "Yerevan"]
[Date "2016.10.07"]
[Round "6"]
[White "Grigoryan, Gor A"]
[Black "Hakobyan, Alik"]
[Result "1-0"]
[WhiteElo "1800"]
[BlackElo "1472"]
[PlyCount "99"]
[EventDate "2016.10.02"]
[EventType "swiss"]
[EventRounds "9"]
[EventCountry "ARM"]
[SourceTitle "EXT 2017"]
[Source "ChessBase"]
[SourceDate "2016.10.25"]
[SourceVersion "1"]
[SourceVersionDate "2016.10.25"]
[SourceQuality "1"]

1. e4 e6 2. d4 d5 3. Nd2 Nf6 4. e5 Nfd7 5. Bd3 c5 6. c3 Nc6 7. Ne2 cxd4 8. cxd4 f6 9. exf6 Nxf6 10. 0-0 Bd6 11. Nf3 Qc7 12. Bg5 0-0 13. Bh4 Bd7 14. Nc3 a6 15. Re1 b5 16. Rc1 Qb7 17. Bg3 Bxg3 18. hxg3 Nd8 19. Ne5 Nf7 20. a3 Nxe5 21. Rxe5 g6 22. f3 Rac8 23. Ne2 Qb6 24. Qd2 Kg7 25. g4 Rxc1+ 26. Qxc1 Bc8 27. Qe3 b4 28. g5 Ne8 29. a4 a5 30. g4 Nd6 31. Nf4 Re8 32. Nxd5 exd5 33. Rxe8 Nxe8 34. Qe7+ Kg8 35. Qxe8+ Kg7 36. Qe5+ Kf8 37. Qh8+ Ke7 38. Qxh7+ Kf8 39. Qh8+ Kf7 40. Kg2 Ba6 41. Qh7+ Kf8 42. Bxg6 Qe6 43. Qh8+ Ke7 44. Qg7+ Kd6 45. Qf8+ Kc7 46. Qf7+ Kd6 47. Qxe6+ Kxe6 48. Bf5+ Ke7 49. Bc2 Bc4 50. Kg3 1-0